[Event "Titled Tuesday intern op 26th Sep Late"]
[Site "Chess.com INT"]
[Date "2023.09.26"]
[Round "2"]
[White "Garcia Correa, Jose Ricardo"]
[Black "Morris Suzuki, Alan H"]
[Result "1-0"]
[WhiteElo "2103"]
[BlackElo "1652"]
[PlyCount "53"]
[EventDate "2023.09.26"]
[EventType "swiss (blitz)"]
[EventRounds "11"]
[EventCountry "USA"]
[SourceTitle "EXT 2024"]
[Source "ChessBase"]
[SourceDate "2023.10.10"]
[SourceVersion "1"]
[SourceVersionDate "2023.10.10"]
[SourceQuality "1"]

1. e4 c5 2. Nf3 d6 3. d4 Nf6 4. Nc3 cxd4 5. Nxd4 a6 6. f4 e5 7. Nf3 Nbd7 8. Bd3 Be7 9. 0-0 b5 10. a3 Bb7 11. Kh1 Rc8 12. Qe1 0-0 13. fxe5 Nxe5 14. Nd4 Re8 15. Nf5 Bf8 16. Bg5 d5 17. Qg3 Ng6 18. exd5 Rxc3 19. bxc3 Bxd5 20. Nh6+ Kh8 21. Bxf6 gxf6 22. Nf5 Bc5 23. a4 Rg8 24. Nh6 Nh4 25. Nxf7+ Bxf7 26. Qxh4 Bd5 27. Qxh7# 1-0

[Event "Titled Tuesday intern op 29th Aug Late"]
[Site "Chess.com INT"]
[Date "2023.08.29"]
[Round "5"]
[White "Bartel, Mateusz"]
[Black "Morris Suzuki, Alan H"]
[Result "0-1"]
[WhiteElo "2625"]
[BlackElo "1652"]
[PlyCount "90"]
[EventDate "2023.08.29"]
[EventType "swiss (blitz)"]
[EventRounds "11"]
[EventCountry "USA"]
[SourceTitle "EXT 2024"]
[Source "ChessBase"]
[SourceDate "2023.10.10"]
[SourceVersion "1"]
[SourceVersionDate "2023.10.10"]
[SourceQuality "1"]

1. d4 Nf6 2. Nf3 c5 3. d5 b5 4. Bg5 g6 5. Nbd2 Bg7 6. e4 0-0 7. a4 b4 8. Bd3 d6 9. 0-0 Bg4 10. h3 Bxf3 11. Qxf3 h6 12. Bf4 Nh5 13. Be3 Bxb2 14. Bxh6 Bxa1 15. Rxa1 Nd7 16. Nc4 Re8 17. a5 Rb8 18. g4 Nhf6 19. Qg3 b3 20. c3 b2 21. Rb1 Rb3 22. Bc2 Rb8 23. Bd2 Qc7 24. h4 Ne5 25. Nxe5 dxe5 26. h5 gxh5 27. gxh5+ Kh7 28. Qe3 Rg8+ 29. Kf1 Ng4 30. Qh3 Qb7 31. Ke2 Qa6+ 32. Bd3 c4 33. Bc2 Qxa5 34. Qf3 Qc5 35. Qxf7+ Rg7 36. Qf5+ Kg8 37. h6 Rf8 38. Qe6+ Kh7 39. Kd1 Nxf2+ 40. Ke2 Nd3 41. Bxd3 cxd3+ 42. Kxd3 Qb5+ 43. Kc2 Qa4+ 44. Kd3 Rg3+ 45. Ke2 Qxe4+ 0-1

[Event "Titled Tuesday intern op 29th Aug Late"]
[Site "Chess.com INT"]
[Date "2023.08.29"]
[Round "2"]
[White "Morris Suzuki, Alan H"]
[Black "Ostrovskiy, Aleksandr A"]
[Result "1-0"]
[WhiteElo "1652"]
[BlackElo "2368"]
[PlyCount "55"]
[EventDate "2023.08.29"]
[EventType "swiss (blitz)"]
[EventRounds "11"]
[EventCountry "USA"]
[SourceTitle "EXT 2024"]
[Source "ChessBase"]
[SourceDate "2023.10.10"]
[SourceVersion "1"]
[SourceVersionDate "2023.10.10"]
[SourceQuality "1"]

1. Nf3 b6 2. c4 Bb7 3. Nc3 e6 4. e4 Bb4 5. Qc2 Ne7 6. d4 0-0 7. Bd3 f5 8. a3 Bxc3+ 9. bxc3 fxe4 10. Bxe4 Bxe4 11. Qxe4 Nbc6 12. Ng5 g6 13. h4 Qe8 14. h5 h6 15. hxg6 hxg5 16. g7 Rf5 17. Rh8+ Kxg7 18. Rxe8 Rxe8 19. g4 Rf7 20. Bxg5 Ng6 21. Be3 Rh8 22. 0-0-0 Na5 23. d5 e5 24. d6 c6 25. c5 b5 26. Rh1 Rxh1+ 27. Qxh1 Nc4 28. Qh6+ 1-0

[Event "Titled Tuesday intern op 15th Aug Early"]
[Site "Chess.com INT"]
[Date "2023.08.15"]
[Round "1"]
[White "Kovalenko, Igor"]
[Black "Morris Suzuki, Alan H"]
[Result "1-0"]
[WhiteElo "2674"]
[BlackElo "1652"]
[PlyCount "75"]
[EventDate "2023.08.15"]
[EventType "swiss (blitz)"]
[EventRounds "11"]
[EventCountry "USA"]
[SourceTitle "EXT 2024"]
[Source "ChessBase"]
[SourceDate "2023.10.10"]
[SourceVersion "1"]
[SourceVersionDate "2023.10.10"]
[SourceQuality "1"]

1. c4 Nf6 2. Nf3 g6 3. g3 Bg7 4. Bg2 0-0 5. 0-0 Nc6 6. Nc3 d6 7. d3 e5 8. Rb1 a5 9. a3 Bf5 10. h3 Re8 11. e4 Be6 12. b4 Nd7 13. Ng5 Nd4 14. Be3 axb4 15. axb4 c6 16. Ne2 Ra2 17. Nxd4 exd4 18. Nxe6 fxe6 19. Bc1 b5 20. cxb5 cxb5 21. Qb3 Ra4 22. h4 Qe7 23. Bh3 Nf8 24. Bg5 Qa7 25. Rfc1 h6 26. Bf4 Ra3 27. Qd1 Rc3 28. Bxd6 Rec8 29. Bxf8 Kxf8 30. Bxe6 R8c6 31. Bd5 Rc8 32. Ra1 Qc7 33. Rcb1 Rc2 34. Qf3+ Ke8 35. Ra6 Rc1+ 36. Rxc1 Qxc1+ 37. Kg2 Qd2 38. Qf7+ 1-0

[Event "Titled Tuesday intern op 15th Aug Late"]
[Site "Chess.com INT"]
[Date "2023.08.15"]
[Round "6"]
[White "Zampronha, Wladimir Camilo"]
[Black "Morris Suzuki, Alan H"]
[Result "0-1"]
[WhiteElo "2170"]
[BlackElo "1652"]
[PlyCount "54"]
[EventDate "2023.08.15"]
[EventType "swiss (blitz)"]
[EventRounds "11"]
[EventCountry "USA"]
[SourceTitle "EXT 2024"]
[Source "ChessBase"]
[SourceDate "2023.10.10"]
[SourceVersion "1"]
[SourceVersionDate "2023.10.10"]
[SourceQuality "1"]

1. e4 c5 2. Nf3 d6 3. d4 Nf6 4. Nc3 cxd4 5. Nxd4 a6 6. Bg5 Nbd7 7. f4 Qc7 8. Qf3 h6 9. Bxf6 Nxf6 10. 0-0-0 Bg4 11. Nd5 Nxd5 12. Qxg4 Ne3 13. Qg3 Nxd1 14. Kxd1 g6 15. Qd3 Bg7 16. Kc1 0-0 17. Kb1 Rac8 18. Nb3 Rfd8 19. f5 d5 20. fxg6 fxg6 21. exd5 Qe5 22. c3 Rxd5 23. Qf3 Rf8 24. Qh3 Qe1+ 25. Nc1 Rxf1 26. Rxf1 Qxf1 27. Qe6+ Qf7 0-1

[Event "Titled Tuesday intern op 01st Aug Early"]
[Site "Chess.com INT"]
[Date "2023.08.01"]
[Round "10"]
[White "Han, Yichen"]
[Black "Morris Suzuki, Alan H"]
[Result "1-0"]
[WhiteElo "2413"]
[BlackElo "1652"]
[PlyCount "74"]
[EventDate "2023.08.01"]
[EventType "swiss (blitz)"]
[EventRounds "11"]
[EventCountry "USA"]
[SourceTitle "EXT 2024"]
[Source "ChessBase"]
[SourceDate "2023.10.10"]
[SourceVersion "1"]
[SourceVersionDate "2023.10.10"]
[SourceQuality "1"]

1. d4 Nf6 2. c4 a6 3. Nc3 c5 4. d5 b5 5. cxb5 axb5 6. Nxb5 Qa5+ 7. Nc3 Ne4 8. Qc2 Nxc3 9. Qxc3 Qxc3+ 10. bxc3 g6 11. e4 Bg7 12. Bd2 0-0 13. Nf3 d6 14. Bd3 Nd7 15. Ke2 Ra3 16. Rhb1 e6 17. Rb3 Ra4 18. dxe6 c4 19. Bxc4 Rxc4 20. exd7 Bxd7 21. Kd3 Rfc8 22. Nd4 Ba4 23. Rb6 d5 24. exd5 Bd7 25. Rc6 Bxc6 26. Kxc4 Ba8+ 27. Kd3 Bxd5 28. Be3 Bc4+ 29. Kd2 Bd5 30. a4 Bxg2 31. a5 Be5 32. a6 Bxh2 33. f3 Be5 34. a7 Bxd4 35. a8Q Bxc3+ 36. Kd3 Bf1+ 37. Kc2 Ba6 1-0

[Event "Titled Tuesday intern op 01st Aug Early"]
[Site "Chess.com INT"]
[Date "2023.08.01"]
[Round "1"]
[White "Morris Suzuki, Alan H"]
[Black "Castor, David"]
[Result "1-0"]
[WhiteElo "1652"]
[BlackElo "1991"]
[PlyCount "83"]
[EventDate "2023.08.01"]
[EventType "swiss (blitz)"]
[EventRounds "11"]
[EventCountry "USA"]
[SourceTitle "EXT 2024"]
[Source "ChessBase"]
[SourceDate "2023.10.10"]
[SourceVersion "1"]
[SourceVersionDate "2023.10.10"]
[SourceQuality "1"]

1. Nf3 Nf6 2. c4 c6 3. Nc3 d5 4. e3 e6 5. b3 Nbd7 6. Bb2 Be7 7. Qc2 0-0 8. Rg1 b6 9. g4 Bb7 10. g5 Ne8 11. Bd3 g6 12. Ne2 c5 13. Rg3 Bd6 14. Rh3 e5 15. cxd5 Bxd5 16. Be4 Be6 17. Rh6 Rc8 18. h4 c4 19. h5 cxb3 20. Qd1 bxa2 21. d4 Bb4+ 22. Kf1 Bh3+ 23. Kg1 Qe7 24. hxg6 fxg6 25. Rxh3 exd4 26. Qxd4 Ng7 27. Nf4 Bc5 28. Qd5+ Qf7 29. Qxf7+ Rxf7 30. Bd5 Nf5 31. Bxf7+ Kxf7 32. Ne5+ Nxe5 33. Bxe5 Kg8 34. Rxa2 Bf8 35. Rxa7 Ne7 36. Ne6 Nc6 37. Nxf8 Nxa7 38. Nd7 Re8 39. Nf6+ Kf7 40. Nxe8 Kxe8 41. Rxh7 Nc6 42. Bf6 1-0

[Event "Titled Tuesday intern op 18th Jul Late"]
[Site "Chess.com INT"]
[Date "2023.07.18"]
[Round "4"]
[White "Morris Suzuki, Alan H"]
[Black "Lamaze, Simon"]
[Result "1-0"]
[WhiteElo "1652"]
[BlackElo "2388"]
[PlyCount "81"]
[EventDate "2023.07.18"]
[EventType "swiss (blitz)"]
[EventRounds "11"]
[EventCountry "USA"]
[SourceTitle "EXT 2024"]
[Source "ChessBase"]
[SourceDate "2023.10.10"]
[SourceVersion "1"]
[SourceVersionDate "2023.10.10"]
[SourceQuality "1"]

1. Nf3 d5 2. c4 d4 3. b4 g5 4. Qb3 e5 5. d3 g4 6. Ng5 Be7 7. h4 h6 8. Ne4 f5 9. Nc5 b6 10. Na4 Bxh4 11. g3 Bg5 12. Bxg5 Qxg5 13. Bg2 c6 14. Nd2 Ne7 15. b5 Bd7 16. Qa3 Nc8 17. c5 0-0 18. Nxb6 axb6 19. Qxa8 Ne7 20. cxb6 c5 21. Qb7 Bxb5 22. a4 Ba6 23. Qc7 e4 24. dxe4 d3 25. Qd6 fxe4 26. Qxh6 Qxh6 27. Rxh6 e3 28. fxe3 dxe2 29. Re6 Nf5 30. Re4 Kh7 31. Rf4 Nxe3 32. Rxf8 Nd7 33. Be4+ Kg7 34. Rd8 Ne5 35. b7 Nc2+ 36. Bxc2 Bxb7 37. Be4 Ba6 38. Rb1 Kf6 39. Rb6+ Kg5 40. Rxa6 c4 41. Rd5 1-0

[Event "Titled Tuesday intern op 18th Jul Late"]
[Site "Chess.com INT"]
[Date "2023.07.18"]
[Round "1"]
[White "Morris Suzuki, Alan H"]
[Black "Zhigalko, Sergei"]
[Result "0-1"]
[WhiteElo "1652"]
[BlackElo "2572"]
[PlyCount "78"]
[EventDate "2023.07.18"]
[EventType "swiss (blitz)"]
[EventRounds "11"]
[EventCountry "USA"]
[SourceTitle "EXT 2024"]
[Source "ChessBase"]
[SourceDate "2023.10.10"]
[SourceVersion "1"]
[SourceVersionDate "2023.10.10"]
[SourceQuality "1"]

1. Nf3 d5 2. c4 d4 3. b4 Bg4 4. e3 e5 5. c5 Nf6 6. h3 Bxf3 7. gxf3 Nc6 8. b5 Ne7 9. Rg1 Ng6 10. Ba3 Be7 11. Bc4 0-0 12. d3 Nd5 13. Qb3 c6 14. exd4 exd4 15. Bxd5 cxd5 16. Nd2 Rc8 17. Rc1 Bg5 18. Rc2 Re8+ 19. Kd1 Nf4 20. h4 Bxh4 21. Rg4 Ne2 22. Bb2 Bxf2 23. Ne4 dxe4 24. Rxe2 Bh4 25. Reg2 Bf6 26. fxe4 Rxc5 27. Qb4 b6 28. Rxg7+ Bxg7 29. Qxd4 Qxd4 30. Bxd4 Rce5 31. Bxe5 Rxe5 32. a4 Kf8 33. Kd2 Rc5 34. Rh2 h5 35. Ke3 Ke7 36. d4 Rc3+ 37. Kf4 Bxd4 38. Rxh5 Ra3 39. Rd5 Bc5 0-1

[Event "Titled Tuesday intern op 18th Jul Late"]
[Site "Chess.com INT"]
[Date "2023.07.18"]
[Round "9"]
[White "Vifleemskaia, Svetlana"]
[Black "Morris Suzuki, Alan H"]
[Result "1/2-1/2"]
[WhiteElo "1971"]
[BlackElo "1652"]
[PlyCount "69"]
[EventDate "2023.07.18"]
[EventType "swiss (blitz)"]
[EventRounds "11"]
[EventCountry "USA"]
[SourceTitle "EXT 2024"]
[Source "ChessBase"]
[SourceDate "2023.10.10"]
[SourceVersion "1"]
[SourceVersionDate "2023.10.10"]
[SourceQuality "1"]

1. d4 Nf6 2. c4 a6 3. Nc3 c5 4. d5 b5 5. b3 b4 6. Na4 d6 7. Bb2 g6 8. Nf3 Bg7 9. Qc2 Bf5 10. Qd2 0-0 11. e3 Ne4 12. Qc1 e6 13. dxe6 fxe6 14. Bxg7 Kxg7 15. Qb2+ Kg8 16. Be2 Nd7 17. 0-0 Ndf6 18. Rad1 Qc7 19. Nh4 Kh8 20. f3 Ng5 21. e4 Bh3 22. gxh3 Nxh3+ 23. Kh1 Qg7 24. Ng2 Rad8 25. e5 dxe5 26. Qxe5 Rxd1 27. Bxd1 Rd8 28. Qg3 Qh6 29. Nxc5 Rd2 30. Ne4 Nxe4 31. fxe4 Nf2+ 32. Kg1 Nh3+ 33. Kh1 Nf2+ 34. Kg1 Nh3+ 35. Kh1 1/2-1/2